Регионална библиотека "Любен Каравелов" - Русе

Хубавица (Запис номер 424611)

MARC детайли
000 -Лидер
Контролно поле с фиксирана дължина nam a22 a 4500
003 - Код на организацията, давaща контролен номер
Контролно поле BLK
005 - Дата и час на последна редакция
Контролно поле 20210721144359.0
008 - Елементи от данни с фиксирана дължина
fixed length control field 210721b bul|||||r ||||||| ||bul||
010 ## - Наследен системен номер
LC control number KNG00015820RET
040 ## - Източник на каталожния запис
Идентификатор на билиотеката - собственик на записа BLK
041 ## - Код за език
Код за езика на текст/звукозапис или на отделно заглавие Български
Код за езика КДБФ Български
072 ## - Код за тематичната категория
9 (RLIN) 178367
Код за тематична категория Ц
Текст Редки и ценни
080 ## - УДК
Текстов определител УДК Френска литература
УДК код - определител по УДК 821.133.1
УДК определител -1
УДК - код + определител 821.133.1-1
100 1# - Редна дума - Автор
Автор Доде, Алфонс
Авторска отговорност първи автор
R(LIN) 401914
139 ## - Редно поле
Редна дума Доде, Алфонс
245 10 - Сведения за заглавието
Заглавие Хубавица
Подзаглавни данни История на една стара лодка и стопаните й : Разказ
Редно поле (дума) Алфонс Доде; Прев. от рус. Д. Велков.
257 ## - Страна на издаване
Страна на създаване/издаване България
260 ## - Област на издателските данни
Място на издаване, разпространение и проч. Шумен
Име на издателя, разпространителя и проч. б. и.
Печатница Шумен : печ. Вл. Р. Блъсков
Година на издаване 1898
9 (RLIN) 441842
300 ## - Физическа характеристика
Страници 75 с.
Размери/Мащаб 20 см
380 ## - Жанр
Жанр Худож. лит.
490 ## - СЕРИИ (Колекции)
Име на серия Юношеска библиотека
№: серия 2
9 (RLIN) 392379
490 ## - СЕРИИ (Колекции)
Име на серия Колекция Редки и ценни издания
9 (RLIN) 435080
500 ## - Общи забележки
Забележка (Цена в кумул.) : 0.50 лв.
659 #7 - Тематичен бюлетин
9 (RLIN) 178164
Тематичен бюлетин Ц
Тематичен бюлетин - текст Редки и ценни
700 ## - Други автори (авторска отговорност)
Лично име Велков, Д. Т.
Автороска отговорност (Описва отношението между автора и произведението) прев. от рус.
9 (RLIN) 435204
852 ## - Местоположение
Форматна сигнатура Рб 898
Фондова буква Редки и ценни
856 4# - Електронен адрес и достъп
Електронен формат pdf - файл
Път до файла /url/
856 4# - Електронен адрес и достъп
Електронен формат pdf - файл
Път до файла /url/
999 ## - СИСТЕМНИ КОНТРОЛНИ НОМЕРА
Koha biblionumber 424611
Koha biblioitemnumber 424611
942 ## - АРТИКУЛИ
Вид на библиотечния материал Книги
Скрит в OPAC Не
Периодичен библиозапис Да
944 ## - СЪЗДАВАНЕ И РЕДАКЦИЯ на ЗАПИСА
Създаване/Редакция Създаване
Дата на регистрацията/редакция 2021-07-21
Служител, извършил регистрацията/редакцията А.М.
999 ## - СИСТЕМНИ КОНТРОЛНИ НОМЕРА
Koha biblioitemnumber 346668
Наличности
Код за отписване Код за изгубен артикул Източник на класификационната схема Код за повреда Коз за рестрикции Код за отдаване Артикулен № Име на библиотеката - собственик Име на библиотеката, в която се намира в момента Статус (Текущо местоположение) Дата на вписване в системата Местоположение - отдел Цена в лева Инвентарен номер Систематично азбучна сигнатура Баркод Цена в евро Служебен тип на артикула
  Не е изгубен Universal Decimal Classification Не е повреден само за читалня Специални фондове ( старопечатни, редки и ценни, фонд М. Арнаудов) 854075 Регионална библиотека "Любен Каравелов" Русе Регионална библиотека "Любен Каравелов" Русе Редки и ценни 2021-09-23 Редки и ценни 0.06 4371 Рб 898 900000070695 0.03 Книги
Vip Innovations Ltd, Rousse, Bulgaria 2025